[Event "IRI-ch (Women)"]
[Site "Kermanshah"]
[Date "2022.03.03"]
[Round "6"]
[White "Hamedi Nia, Vesal"]
[Black "Asadi, Motahare"]
[Result "0-1"]
[WhiteElo "1980"]
[BlackElo "2093"]
[PlyCount "136"]
[EventDate "2022.02.28"]
[EventType "tourn"]
[EventRounds "11"]
[EventCountry "IRI"]
[SourceTitle "EXT 2023"]
[Source "ChessBase"]
[SourceDate "2022.10.05"]
[SourceVersion "1"]
[SourceVersionDate "2022.10.05"]
[SourceQuality "1"]

1. d4 Nf6 2. c4 g6 3. Nc3 d5 4. Bf4 Bg7 5. e3 0-0 6. cxd5 Nxd5 7. Nxd5 Qxd5 8. Bxc7 Na6 9. Bxa6 Qxg2 10. Qf3 Qxf3 11. Nxf3 bxa6 12. Rc1 f6 13. Rg1 Bb7 14. Ke2 Rac8 15. b3 e6 16. Bd6 Rfd8 17. Be7 Re8 18. Bc5 Rc7 19. Nd2 Bd5 20. Rc2 e5 21. dxe5 Bf8 22. b4 a5 23. Rb2 axb4 24. Bxf8 Rxf8 25. Rxb4 fxe5 26. Rg5 Bb7 27. Ra4 Bc6 28. Rb4 a5 29. Rb6 Bd5 30. Rxe5 Rd8 31. Rb2 a4 32. Rb4 a3 33. Rd4 Rcd7 34. Nb1 Bxa2 35. Rxd7 Bc4+ 36. Ke1 a2 37. Rxd8+ Kg7 38. Re7+ Kh6 39. Rb7 a1Q 40. Rd4 Qa5+ 41. Nd2 Ba6 42. Rb1 Qh5 43. Nc4 Qxh2 44. Rb6 Qg1+ 45. Ke2 Qa1 46. Kf3 Kh5 47. Nd6 Qh1+ 48. Kg3 Be2 49. Kf4 Qh2+ 50. Ke4 Qxf2 51. Rd5+ Kg4 52. Kd4 Bf3 53. Ne4 Qc2 54. Nf6+ Kh3 55. Rd7 Qd2+ 56. Kc4 Be2+ 57. Kc5 Qxe3+ 58. Kc6 Qc3+ 59. Kb7 Bf3+ 60. Kb8 Qe5+ 61. Rbd6 h5 62. Kc8 g5 63. Kd8 g4 64. Ra6 g3 65. Rd3 Qb8+ 66. Ke7 Qb7+ 67. Kf8 Qxa6 68. Rxf3 Qa8+ 0-1

[Event "Online Olym Div Top-A"]
[Site "Chess.com INT"]
[Date "2021.09.08"]
[Round "3.3"]
[White "Asadi, Motahare"]
[Black "Middleton, Jody"]
[Result "1-0"]
[WhiteElo "2093"]
[BlackElo "1850"]
[PlyCount "61"]
[EventDate "2021.09.08"]
[EventType "team (rapid)"]
[EventRounds "9"]
[EventCountry "USA"]
[SourceTitle "CBM 204 Extra"]
[Source "ChessBase"]
[SourceDate "2021.11.30"]
[SourceVersion "1"]
[SourceVersionDate "2021.11.30"]
[SourceQuality "1"]
[WhiteTeam "Iran"]
[BlackTeam "Australia"]
[WhiteTeamCountry "IRI"]
[BlackTeamCountry "AUS"]

1. Nf3 d5 2. g3 Bg4 3. Bg2 Nd7 4. d3 e5 5. 0-0 Bd6 6. e4 d4 7. Nbd2 Ngf6 8. Nc4 Qe7 9. a4 0-0 10. h3 Bh5 11. g4 Bg6 12. Nh4 h6 13. Nf5 Bxf5 14. gxf5 Nh7 15. Qh5 Ndf6 16. Qh4 Rad8 17. Kh1 Qe8 18. f4 exf4 19. Nxd6 Rxd6 20. Bxf4 Ra6 21. e5 Nd7 22. f6 Nxe5 23. fxg7 Kxg7 24. Rae1 Re6 25. Bd5 Qe7 26. Qxe7 Rxe7 27. Bxe5+ f6 28. Bxf6+ Rxf6 29. Rxe7+ Kf8 30. Rxf6+ Nxf6 31. Rf7+ 1-0

[Event "Asian Online (Women)"]
[Site "Tornelo INT"]
[Date "2021.08.25"]
[Round "9"]
[White "Rouda Essa, Alserkal"]
[Black "Asadi, Motahare"]
[Result "1/2-1/2"]
[WhiteElo "1504"]
[BlackElo "2093"]
[PlyCount "107"]
[EventDate "2021.08.23"]
[EventType "swiss (rapid)"]
[EventRounds "9"]
[EventCountry "NET"]
[SourceTitle "CBM 204 Extra"]
[Source "ChessBase"]
[SourceDate "2021.11.30"]
[SourceVersion "1"]
[SourceVersionDate "2021.11.30"]
[SourceQuality "1"]

1. e4 e5 2. Nf3 Nf6 3. Nxe5 d6 4. Nf3 Nxe4 5. Nc3 Nxc3 6. dxc3 Be7 7. Be2 0-0 8. 0-0 Nc6 9. Be3 Ne5 10. Qd2 Bg4 11. Nxe5 Bxe2 12. Nxf7 Rxf7 13. Qxe2 Bg5 14. f4 Bf6 15. Qf3 Qe8 16. Rae1 Qb5 17. Bc1 Raf8 18. Qd3 Qb6+ 19. Qe3 Qa5 20. Qe6 Qb6+ 21. Kh1 Bh4 22. Re3 Qb5 23. c4 Qf5 24. Qxf5 Rxf5 25. g3 Bf6 26. g4 Ra5 27. a3 g5 28. b4 gxf4 29. Rxf4 Re5 30. Rxe5 dxe5 31. Rf5 e4 32. g5 Bd4 33. Rxf8+ Kxf8 34. Kg2 Kf7 35. Kg3 Be5+ 36. Bf4 Bb2 37. a4 c5 38. bxc5 Kg6 39. Kg4 Bd4 40. Bd6 e3 41. Kf3 Kxg5 42. Bf4+ Kf5 43. Bxe3 Be5 44. h3 a6 45. Bf2 h5 46. Be3 Bh2 47. Bd4 Bb8 48. Be3 Be5 49. Bf2 Bb8 50. Bd4 Bc7 51. Be3 Bb8 52. Bd4 Bc7 53. Be3 Bb8 54. Bd4 1/2-1/2

[Event "Asian Online (Women)"]
[Site "Tornelo INT"]
[Date "2021.08.24"]
[Round "6"]
[White "Citra, Dewi Ardhiani Anast"]
[Black "Asadi, Motahare"]
[Result "1-0"]
[WhiteElo "2238"]
[BlackElo "2093"]
[PlyCount "63"]
[EventDate "2021.08.23"]
[EventType "swiss (rapid)"]
[EventRounds "9"]
[EventCountry "NET"]
[SourceTitle "CBM 204 Extra"]
[Source "ChessBase"]
[SourceDate "2021.11.30"]
[SourceVersion "1"]
[SourceVersionDate "2021.11.30"]
[SourceQuality "1"]

1. d4 Nf6 2. Bf4 d5 3. e3 g6 4. Nc3 Bg7 5. h4 c5 6. Nf3 Bg4 7. Be2 Nc6 8. Ne5 Bxe2 9. Qxe2 Nh5 10. Nxc6 bxc6 11. Be5 Bxe5 12. dxe5 d4 13. 0-0-0 Qb6 14. Na4 Qb4 15. Qa6 0-0 16. g4 Ng7 17. a3 Qb8 18. Nxc5 dxe3 19. Nd7 Qc7 20. Nxf8 Rxf8 21. fxe3 Qxe5 22. Qxa7 Ne6 23. Rd7 Rb8 24. Rb7 Rd8 25. Rxe7 Qd5 26. Rf1 Qa2 27. Re8+ Nf8 28. Rxd8 Qa1+ 29. Kd2 Qxf1 30. Qe7 Qf2+ 31. Kc3 Qe1+ 32. Kb3 1-0

[Event "IRI-ch (Women)"]
[Site "Rasht"]
[Date "2019.11.12"]
[Round "6"]
[White "Asgharzadeh, Mitra"]
[Black "Asadi, Motahare"]
[Result "0-1"]
[WhiteElo "2193"]
[BlackElo "2232"]
[PlyCount "92"]
[EventDate "2019.11.09"]
[EventType "tourn"]
[EventRounds "11"]
[EventCountry "IRI"]
[SourceTitle "CBM 193 Extra"]
[Source "ChessBase"]
[SourceDate "2020.01.31"]
[SourceVersion "1"]
[SourceVersionDate "2020.01.31"]
[SourceQuality "1"]

1. Nf3 Nf6 2. g3 g6 3. Bg2 Bg7 4. 0-0 0-0 5. d3 d5 6. Nbd2 c5 7. e4 Nc6 8. Re1 d4 9. Nh4 e5 10. Rf1 Be6 11. a3 b5 12. Qe1 c4 13. f4 Ng4 14. Ndf3 cxd3 15. cxd3 Qb6 16. Kh1 Na5 17. h3 Nb3 18. hxg4 Nxa1 19. f5 Bd7 20. g5 Rfe8 21. Nh2 Nb3 22. Qd1 Nxc1 23. Qxc1 Rac8 24. Qd1 b4 25. Ng4 bxa3 26. bxa3 Rc3 27. Nf6+ Bxf6 28. gxf6 g5 29. Qh5 Qxf6 30. Nf3 h6 31. Nh2 Kh7 32. Bh3 Rf8 33. Rf2 Rc1+ 34. Bf1 Qg7 35. Ng4 f6 36. Kg1 Be8 37. Qh1 h5 38. Rh2 Kg8 39. Rxh5 Bxh5 40. Qxh5 Rb8 41. Nh2 Qh7 42. Qe2 Qh3 43. Qa2+ Kg7 44. Qe6 Qxg3+ 45. Kh1 Rxf1+ 46. Nxf1 Rh8+ 0-1

[Event "Aktobe Dvorkovich Cup U16"]
[Site "Aktobe"]
[Date "2019.09.24"]
[Round "9.2"]
[White "Goltseva, Ekaterina"]
[Black "Asadi, Motahare"]
[Result "1-0"]
[WhiteElo "2317"]
[BlackElo "2232"]
[PlyCount "93"]
[EventDate "2019.09.23"]
[EventType "team-tourn (rapid)"]
[EventRounds "9"]
[EventCountry "KAZ"]
[SourceTitle "EXT 2020"]
[Source "ChessBase"]
[SourceDate "2019.10.17"]
[SourceVersion "1"]
[SourceVersionDate "2019.10.17"]
[SourceQuality "1"]
[WhiteTeam "Russia U16"]
[BlackTeam "Iran U16"]
[WhiteTeamCountry "RUS"]
[BlackTeamCountry "IRI"]

1. d4 Nf6 2. Nf3 c5 3. c3 e6 4. g3 b6 5. Bg2 Bb7 6. 0-0 Be7 7. Nbd2 0-0 8. b3 Qc7 9. Bb2 d6 10. Re1 Nbd7 11. e4 e5 12. d5 b5 13. Qe2 Ba6 14. a4 Qb7 15. Bf1 Rfb8 16. Ra2 Qc8 17. Rea1 Rb6 18. axb5 Bxb5 19. c4 Ba6 20. Bc3 Nb8 21. Nh4 g6 22. Ng2 Ne8 23. f4 f6 24. Qf2 Qd7 25. Ne3 Bc8 26. Be2 Ng7 27. Bg4 f5 28. Bh3 Bf6 29. Rf1 Qe7 30. exf5 exf4 31. Bxf6 fxe3 32. Bxe7 exf2+ 33. Rxf2 Nxf5 34. Bxf5 Bxf5 35. g4 Bxg4 36. Rf8+ Kg7 37. Rd8 Bd7 38. Ne4 Rxb3 39. Bxd6 Bf5 40. Nxc5 Rb1+ 41. Kf2 a5 42. Ne6+ Kh6 43. Nd4 Bd3 44. Ra4 Rb2+ 45. Ke3 Bf1 46. c5 Rxh2 47. Bxh2 1-0

[Event "Aktobe Dvorkovich Cup U16"]
[Site "Aktobe"]
[Date "2019.09.23"]
[Round "1.4"]
[White "Asadi, Motahare"]
[Black "Boubendir, Nesrine"]
[Result "1-0"]
[WhiteElo "2232"]
[BlackElo "1518"]
[PlyCount "77"]
[EventDate "2019.09.23"]
[EventType "team-tourn (rapid)"]
[EventRounds "9"]
[EventCountry "KAZ"]
[SourceTitle "EXT 2020"]
[Source "ChessBase"]
[SourceDate "2019.10.17"]
[SourceVersion "1"]
[SourceVersionDate "2019.10.17"]
[SourceQuality "1"]
[WhiteTeam "Iran U16"]
[BlackTeam "Algeria U16"]
[WhiteTeamCountry "IRI"]
[BlackTeamCountry "ALG"]

1. Nf3 Nf6 2. g3 g6 3. Bg2 Bg7 4. d3 0-0 5. 0-0 d5 6. Nc3 e6 7. Nd2 c5 8. e4 dxe4 9. Ndxe4 Nxe4 10. Nxe4 Qe7 11. Be3 Nd7 12. c3 Rb8 13. Qb3 b6 14. Bg5 Nf6 15. Rfe1 h6 16. Nxf6+ Bxf6 17. Bxh6 Rd8 18. Rad1 Ba6 19. Be4 Bb7 20. Qa4 Bd5 21. Bf4 Rb7 22. Bxd5 Rxd5 23. Qc6 Rbd7 24. Qb5 Bg5 25. Re4 Bxf4 26. Rxf4 Qg5 27. c4 Rd4 28. Rf3 e5 29. Re1 Rxd3 30. Rxd3 Rxd3 31. Qe8+ Kg7 32. Rxe5 Qc1+ 33. Kg2 Qd1 34. Re3 Rd2 35. Re7 Rd3 36. Qxf7+ Kh6 37. Qf4+ g5 38. Qf6+ Kh5 39. Rh7+ 1-0

[Event "Ordu op 5th"]
[Site "Ordu"]
[Date "2019.04.29"]
[Round "1"]
[White "Asadi, Motahare"]
[Black "Eren, Ataberk"]
[Result "0-1"]
[WhiteElo "2038"]
[BlackElo "2256"]
[PlyCount "60"]
[EventDate "2019.04.29"]
[EventType "swiss"]
[EventRounds "9"]
[EventCountry "TUR"]
[SourceTitle "CBM 190 Extra"]
[Source "ChessBase"]
[SourceDate "2019.07.15"]
[SourceVersion "1"]
[SourceVersionDate "2019.07.15"]
[SourceQuality "1"]

1. e4 e6 2. d4 d5 3. Nc3 Nf6 4. e5 Nfd7 5. f4 c5 6. Nf3 Nc6 7. Be3 Be7 8. Qd2 0-0 9. 0-0-0 c4 10. f5 b5 11. Bg5 b4 12. Nb5 f6 13. fxe6 fxg5 14. exd7 Ba6 15. Nd6 g4 16. e6 Bxd6 17. Ne5 Bxe5 18. dxe5 d4 19. g3 c3 20. Qg2 Qa5 21. Kb1 b3 22. cxb3 c2+ 23. Qxc2 Nb4 24. Qe4 Qxa2+ 25. Kc1 Qa1+ 26. Qb1 Qa5 27. Qe4 d3 28. Qd4 Qc7+ 29. Kd2 Qc2+ 30. Ke1 Rxf1+ 0-1

[Event "World ol U16"]
[Site "Konya"]
[Date "2018.11.26"]
[Round "2.15"]
[White "Asadi, Motahare"]
[Black "Chicarosie, Ioana Bianca"]
[Result "1-0"]
[WhiteElo "2216"]
[BlackElo "1508"]
[PlyCount "85"]
[EventDate "2018.11.25"]
[EventType "team-swiss"]
[EventRounds "9"]
[EventCountry "TUR"]
[SourceTitle "CBM 187 Extra"]
[Source "ChessBase"]
[SourceDate "2018.11.04"]
[SourceVersion "1"]
[SourceVersionDate "2018.11.04"]
[SourceQuality "1"]
[WhiteTeam "Iran"]
[BlackTeam "Romania"]
[WhiteTeamCountry "IRI"]
[BlackTeamCountry "ROU"]

1. e4 e6 2. d4 d5 3. Nc3 Bb4 4. Nge2 Nf6 5. Bg5 dxe4 6. a3 Bxc3+ 7. Nxc3 Nbd7 8. Nxe4 h6 9. Nxf6+ Nxf6 10. Bh4 Bd7 11. Qe2 Bc6 12. 0-0-0 Qe7 13. c4 0-0-0 14. f3 g5 15. Bf2 b6 16. Qc2 Bb7 17. Be2 Rhe8 18. h4 Kb8 19. hxg5 hxg5 20. Be3 Rg8 21. Rh6 Nd7 22. Re1 f6 23. Bd3 Qf7 24. Bd2 Rh8 25. Bg6 Qe7 26. Rxh8 Rxh8 27. Bf5 e5 28. c5 bxc5 29. dxc5 c6 30. Bb4 Rd8 31. Ba5 Re8 32. Rd1 Nf8 33. Rd6 Ka8 34. Qd3 Rb8 35. Bd8 Qf7 36. Bxf6 Qe8 37. g4 Qf7 38. Bxe5 Qe7 39. Bg3 Qf7 40. Rd8 Rc8 41. Bxc8 Bxc8 42. Rxc8+ Kb7 43. Rb8# 1-0

[Event "World ol U16"]
[Site "Konya"]
[Date "2018.11.25"]
[Round "1.5"]
[White "Liyanage, Ranindu Dilshan"]
[Black "Asadi, Motahare"]
[Result "1-0"]
[WhiteElo "2100"]
[BlackElo "2216"]
[PlyCount "61"]
[EventDate "2018.11.25"]
[EventType "team-swiss"]
[EventRounds "9"]
[EventCountry "TUR"]
[SourceTitle "CBM 187 Extra"]
[Source "ChessBase"]
[SourceDate "2018.11.04"]
[SourceVersion "1"]
[SourceVersionDate "2018.11.04"]
[SourceQuality "1"]
[WhiteTeam "Sri Lanka"]
[BlackTeam "Iran"]
[WhiteTeamCountry "SRI"]
[BlackTeamCountry "IRI"]

1. e4 c5 2. Nf3 e6 3. d4 cxd4 4. Nxd4 a6 5. c4 Nf6 6. Nc3 Qc7 7. Be2 b6 8. 0-0 Bb7 9. f3 d6 10. Be3 Be7 11. Rc1 0-0 12. a3 Nbd7 13. b4 Rac8 14. Qe1 Rfe8 15. Qf2 Qb8 16. Rfd1 Bd8 17. g4 h6 18. h4 d5 19. exd5 exd5 20. Nf5 dxc4 21. g5 hxg5 22. hxg5 Re5 23. Bf4 Nh5 24. Bh2 Qa8 25. Bxe5 Nxe5 26. Qe3 Nxf3+ 27. Bxf3 Bxf3 28. Rf1 Bg4 29. Nh6+ Kh7 30. Nxg4 b5 31. Qe4+ 1-0

[Event "Olympiad Women-43"]
[Site "Batumi"]
[Date "2018.10.01"]
[Round "7.3"]
[White "Osmak, Iulija"]
[Black "Asadi, Motahare"]
[Result "1/2-1/2"]
[WhiteElo "2405"]
[BlackElo "2135"]
[PlyCount "108"]
[EventDate "2018.09.24"]
[EventType "team-swiss"]
[EventRounds "11"]
[EventCountry "GEO"]
[SourceTitle "EXT 2020"]
[Source "ChessBase"]
[SourceDate "2019.10.17"]
[SourceVersion "1"]
[SourceVersionDate "2019.10.17"]
[SourceQuality "1"]
[WhiteTeam "Ukraine (W)"]
[BlackTeam "Iran (W)"]
[WhiteTeamCountry "UKR"]
[BlackTeamCountry "IRI"]

1. e4 c5 2. Nf3 e6 3. d4 cxd4 4. Nxd4 a6 5. Bd3 Qb6 6. Be3 Bc5 7. c3 e5 8. Nf5 g6 9. b4 Bxe3 10. Nxe3 Nf6 11. Nd2 0-0 12. Qf3 Qe6 13. 0-0 d6 14. Ndc4 Nbd7 15. a4 Rb8 16. a5 b5 17. axb6 Nxb6 18. Nxb6 Rxb6 19. Rfd1 Bb7 20. Nc4 Bxe4 21. Bxe4 Qxc4 22. Qxf6 Qxe4 23. Rxd6 Rxd6 24. Qxd6 Rc8 25. Qd2 Qc4 26. Ra3 Rc6 27. h3 e4 28. Qf4 Qd5 29. Ra5 Qc4 30. Ra3 Qd5 31. Qb8+ Kg7 32. Ra5 Qe6 33. Qa7 Rxc3 34. Qd4+ Qf6 35. Qxf6+ Kxf6 36. Rxa6+ Ke5 37. Ra7 Ke6 38. Rb7 Rb3 39. Kf1 Rb2 40. h4 f5 41. g3 Kd5 42. Rxh7 e3 43. fxe3 Ke4 44. Rg7 Kf3 45. Ke1 Kxe3 46. Kd1 f4 47. gxf4 Rxb4 48. Rxg6 Rxf4 49. h5 Rh4 50. h6 Kf4 51. Ke2 Kf5 52. Ra6 Kg5 53. Kf3 Rxh6 54. Rxh6 Kxh6 1/2-1/2

[Event "Olympiad Women-43"]
[Site "Batumi"]
[Date "2018.09.27"]
[Round "4.3"]
[White "Batchimeg, Tuvshintugs"]
[Black "Asadi, Motahare"]
[Result "1-0"]
[WhiteElo "2367"]
[BlackElo "2135"]
[PlyCount "61"]
[EventDate "2018.09.24"]
[EventType "team-swiss"]
[EventRounds "11"]
[EventCountry "GEO"]
[SourceTitle "EXT 2020"]
[Source "ChessBase"]
[SourceDate "2019.10.17"]
[SourceVersion "1"]
[SourceVersionDate "2019.10.17"]
[SourceQuality "1"]
[WhiteTeam "Mongolia (W)"]
[BlackTeam "Iran (W)"]
[WhiteTeamCountry "MGL"]
[BlackTeamCountry "IRI"]

1. d4 Nf6 2. c4 e6 3. Nc3 c5 4. d5 exd5 5. cxd5 d6 6. e4 g6 7. f4 Bg7 8. Bb5+ Nfd7 9. Nf3 a6 10. Bd3 b5 11. 0-0 0-0 12. Kh1 Re8 13. f5 c4 14. Bc2 Nc5 15. a3 Nbd7 16. Bg5 Bf6 17. h4 Bxg5 18. hxg5 Ne5 19. Nxe5 Rxe5 20. Qg4 f6 21. gxf6 Qxf6 22. Rf3 g5 23. Ne2 h5 24. Qxh5 Nxe4 25. Ng3 Nd2 26. Rf2 Ra7 27. Qg6+ Qxg6 28. fxg6 Nb3 29. Raf1 Re8 30. Rf7 Rae7 31. Nh5 1-0

[Event "Olympiad Women-43"]
[Site "Batumi"]
[Date "2018.09.25"]
[Round "2.18"]
[White "Asadi, Motahare"]
[Black "Norlamo, Sarabella"]
[Result "1-0"]
[WhiteElo "2135"]
[BlackElo "1874"]
[PlyCount "67"]
[EventDate "2018.09.24"]
[EventType "team-swiss"]
[EventRounds "11"]
[EventCountry "GEO"]
[SourceTitle "EXT 2020"]
[Source "ChessBase"]
[SourceDate "2019.10.17"]
[SourceVersion "1"]
[SourceVersionDate "2019.10.17"]
[SourceQuality "1"]
[WhiteTeam "Iran (W)"]
[BlackTeam "Finland (W)"]
[WhiteTeamCountry "IRI"]
[BlackTeamCountry "FIN"]

1. e4 e5 2. Nf3 Nc6 3. Nc3 g6 4. d4 exd4 5. Nxd4 Bg7 6. Be3 Nge7 7. Be2 0-0 8. 0-0 d6 9. Qd2 Nxd4 10. Bxd4 Bxd4 11. Qxd4 Nc6 12. Qd2 Be6 13. f4 Qf6 14. f5 Bd7 15. Rad1 Ne7 16. fxg6 Qxg6 17. Rf3 Kh8 18. e5 d5 19. Rdf1 Rad8 20. Rg3 Qe6 21. Rg5 Qb6+ 22. Kh1 Be6 23. Qf4 Bf5 24. Rxf5 Nxf5 25. Qxf5 Qg6 26. Qh3 Qe6 27. Qh5 Qg6 28. Qh4 c6 29. Bd3 Qg7 30. Rf3 f6 31. exf6 Qf7 32. Rg3 Rg8 33. Rg7 Rxg7 34. fxg7+ 1-0

[Event "Asia Nations Cup (Women) rapid"]
[Site "Hamedan"]
[Date "2018.07.27"]
[Round "3"]
[White "Asadi, Motahare"]
[Black "Pham, Le Thao Nguyen"]
[Result "1-0"]
[WhiteElo "1825"]
[BlackElo "2456"]
[PlyCount "107"]
[EventDate "2018.07.27"]
[EventType "team-tourn (rapid)"]
[EventRounds "7"]
[EventCountry "IRI"]
[SourceTitle "CBM 186 Extra"]
[Source "ChessBase"]
[SourceDate "2018.08.24"]
[SourceVersion "1"]
[SourceVersionDate "2018.08.24"]
[SourceQuality "1"]

1. Nf3 d5 2. g3 c6 3. Bg2 Bf5 4. d3 e6 5. Nc3 h6 6. 0-0 Nf6 7. Nd2 d4 8. Nce4 Be7 9. c3 dxc3 10. bxc3 0-0 11. Nxf6+ Bxf6 12. d4 e5 13. e4 Be6 14. Nf3 Bc4 15. Re1 Nd7 16. Ba3 Re8 17. Nd2 Nb6 18. Bc5 Ba6 19. Nb3 Nc4 20. dxe5 Nxe5 21. Bd4 b6 22. f4 Nd3 23. Re3 Nb2 24. Qg4 Nc4 25. Ree1 Bxd4+ 26. Nxd4 Bc8 27. Qe2 Na5 28. e5 Qc7 29. f5 Bd7 30. e6 Rad8 31. Qh5 Bc8 32. Re2 c5 33. Nb5 Qe7 34. Rae1 fxe6 35. fxe6 Rf8 36. Nc7 Nc4 37. Nd5 Rxd5 38. Bxd5 Nd6 39. Qg4 Ba6 40. Rf2 Rxf2 41. Kxf2 Bd3 42. Qf4 c4 43. Kg1 Kh7 44. Qh4 g5 45. Qd4 Nf5 46. Qf2 Nd6 47. h4 gxh4 48. gxh4 Kg7 49. Kh2 Kh7 50. Qg3 Nf5 51. Qg4 Nxh4 52. Be4+ Bxe4 53. Qxe4+ Ng6 54. Rg1 1-0

[Event "Asia Nations Cup (Women) rapid"]
[Site "Hamedan"]
[Date "2018.07.27"]
[Round "5"]
[White "Hejazipour, Mitra"]
[Black "Asadi, Motahare"]
[Result "1/2-1/2"]
[WhiteElo "2250"]
[BlackElo "1825"]
[PlyCount "171"]
[EventDate "2018.07.27"]
[EventType "team-tourn (rapid)"]
[EventRounds "7"]
[EventCountry "IRI"]
[SourceTitle "CBM 186 Extra"]
[Source "ChessBase"]
[SourceDate "2018.08.24"]
[SourceVersion "1"]
[SourceVersionDate "2018.08.24"]
[SourceQuality "1"]

1. d4 Nf6 2. c4 c5 3. d5 e6 4. Nc3 exd5 5. cxd5 d6 6. Nf3 g6 7. h3 Bg7 8. Bf4 a6 9. a4 0-0 10. e3 Qe7 11. Be2 Nbd7 12. Nd2 Ne5 13. 0-0 Bf5 14. e4 Bd7 15. a5 Ne8 16. Be3 f5 17. exf5 Bxf5 18. Qb3 Kh8 19. Nce4 Rc8 20. Ng3 Nc7 21. Rae1 Qf7 22. f4 Nd7 23. Nxf5 gxf5 24. Nc4 Nb5 25. Bf3 Rce8 26. Kh1 Nf6 27. Na3 Qd7 28. Bf2 Ne4 29. Bxe4 fxe4 30. Nxb5 Qxb5 31. Qxb5 axb5 32. Be3 b4 33. Bc1 Rf5 34. Rd1 Bd4 35. b3 Rxd5 36. Be3 Ra8 37. f5 Kg7 38. Rf4 Bxe3 39. Rg4+ Kf6 40. Rxd5 Rxa5 41. Rxe4 Bd4 42. g4 Ra1+ 43. Kg2 Be5 44. Re3 b5 45. Rf3 h6 46. h4 Ra2+ 47. Kf1 Ra1+ 48. Ke2 Rg1 49. Rd1 Rxg4 50. h5 c4 51. Rb1 c3 52. Rd1 Rg5 53. Kd3 Rxh5 54. Rdf1 Rh2 55. Rg1 Rd2+ 56. Ke4 Rd4+ 57. Ke3 Rd5 58. Rg6+ Kf7 59. Rf1 Bg7 60. Ra1 Re5+ 61. Kd3 Rd5+ 62. Ke3 Rxf5 63. Rxd6 Re5+ 64. Kd3 Re7 65. Rf1+ Kg8 66. Rd5 Rb7 67. Kc2 Kh7 68. Rff5 Kg6 69. Rf2 Ra7 70. Kd3 Rb7 71. Re2 Rb6 72. Rg2+ Kf6 73. Rd7 Bf8 74. Rf2+ Ke6 75. Rdf7 Rd6+ 76. Kc2 Rd2+ 77. Rxd2 Kxf7 78. Rd5 Kg6 79. Kd3 h5 80. Rxb5 h4 81. Rb8 Be7 82. Ke4 Bg5 83. Rxb4 c2 84. Rc4 c1Q 85. Rxc1 Bxc1 86. Kf3 1/2-1/2

[Event "Ordu op 4th"]
[Site "Ordu"]
[Date "2018.04.12"]
[Round "4"]
[White "Asadi, Motahare"]
[Black "Nadj Hedjesi, Balind"]
[Result "1-0"]
[WhiteElo "2046"]
[BlackElo "2330"]
[PlyCount "95"]
[EventDate "2018.04.10"]
[EventType "swiss"]
[EventRounds "9"]
[EventCountry "TUR"]
[SourceTitle "CBM 183 Extra"]
[Source "ChessBase"]
[SourceDate "2018.04.19"]
[SourceVersion "1"]
[SourceVersionDate "2018.04.19"]
[SourceQuality "1"]

1. e4 d6 2. d4 a6 3. Nc3 b5 4. a3 Bb7 5. f4 Nf6 6. e5 Ne4 7. Nf3 e6 8. Bd3 Nxc3 9. bxc3 c5 10. 0-0 g6 11. Be3 c4 12. Be2 Nd7 13. a4 Nb6 14. Qb1 Bc6 15. exd6 Nxa4 16. Rxa4 bxa4 17. Ne5 Rb8 18. Qa2 Qxd6 19. Bxc4 Bh6 20. Nxc6 Qxc6 21. d5 exd5 22. Bxd5 Qd7 23. Bc5 Rb5 24. Bxf7+ Kd8 25. Qc4 Rf8 26. Bxf8 Bxf8 27. Be6 Qd6 28. Kh1 Rc5 29. Qe2 Kc7 30. Rd1 Qc6 31. Bd7 Qxd7 32. Rxd7+ Kxd7 33. Qxa6 Bd6 34. Qxa4+ Ke7 35. Qe4+ Kd7 36. c4 Kc7 37. g4 h5 38. Qxg6 hxg4 39. Kg2 Kc6 40. Qe4+ Kd7 41. Kg3 Rh5 42. Qg6 Rh3+ 43. Kg2 Re3 44. Qxg4+ Kc7 45. f5 Be5 46. f6 Kd6 47. f7 Ke7 48. Qg8 1-0

[Event "Ordu op 4th"]
[Site "Ordu"]
[Date "2018.04.11"]
[Round "3"]
[White "Aytekin, Murat Eren"]
[Black "Asadi, Motahare"]
[Result "0-1"]
[WhiteElo "2139"]
[BlackElo "2046"]
[PlyCount "64"]
[EventDate "2018.04.10"]
[EventType "swiss"]
[EventRounds "9"]
[EventCountry "TUR"]
[SourceTitle "CBM 183 Extra"]
[Source "ChessBase"]
[SourceDate "2018.04.19"]
[SourceVersion "1"]
[SourceVersionDate "2018.04.19"]
[SourceQuality "1"]

1. d4 Nf6 2. c4 c5 3. d5 e6 4. Nc3 exd5 5. cxd5 d6 6. e4 g6 7. f4 Bg7 8. Bb5+ Nfd7 9. Nf3 0-0 10. 0-0 a6 11. Bd3 b5 12. Kh1 c4 13. Bc2 Nc5 14. Be3 Qc7 15. Bd4 f6 16. b4 cxb3 17. axb3 Bb7 18. b4 Ncd7 19. Bb3 Kh8 20. Rc1 Qd8 21. Qe1 Nb6 22. e5 dxe5 23. fxe5 fxe5 24. Nxe5 N8d7 25. Rxf8+ Qxf8 26. Nxg6+ hxg6 27. Qh4+ Kg8 28. Bxg7 Kxg7 29. Ne4 Qxb4 30. Rf1 Rf8 31. Rxf8 Qxf8 32. h3 Nxd5 0-1

[Event "Al Ain U20 op 1st"]
[Site "Al Ain"]
[Date "2018.01.04"]
[Round "7"]
[White "Asadi, Motahare"]
[Black "Mousavi, Seyed Khalil"]
[Result "1/2-1/2"]
[WhiteElo "2013"]
[BlackElo "2459"]
[PlyCount "121"]
[EventDate "2017.12.30"]
[EventType "swiss"]
[EventRounds "9"]
[EventCountry "UAE"]
[SourceTitle "CBM 182 Extra"]
[Source "ChessBase"]
[SourceDate "2018.02.23"]
[SourceVersion "1"]
[SourceVersionDate "2018.02.23"]
[SourceQuality "1"]

1. e4 c5 2. Nf3 Nc6 3. d4 cxd4 4. Nxd4 Nf6 5. Nc3 e5 6. Ndb5 d6 7. Bg5 a6 8. Na3 b5 9. Nd5 Be7 10. Bxf6 Bxf6 11. c4 b4 12. Nc2 Rb8 13. Be2 0-0 14. Bg4 Bg5 15. Bxc8 Qxc8 16. Nde3 b3 17. axb3 Rxb3 18. Ra2 Qb7 19. 0-0 Rd8 20. Qd5 g6 21. g3 Qb6 22. Na1 Rb4 23. Nac2 Ne7 24. Qa5 Rxb2 25. Qxa6 Qxa6 26. Rxa6 f5 27. f4 exf4 28. gxf4 Bh4 29. exf5 Nxf5 30. Nxf5 gxf5 31. Nd4 Re8 32. Rxd6 Be7 33. Rd5 Bf6 34. Nf3 Kf7 35. Rxf5 Kg6 36. Rd5 Re4 37. f5+ Kh5 38. Rd7 h6 39. Rd6 Be7 40. Rd5 Bf6 41. c5 Kg4 42. Rd3 Rc4 43. h3+ Kh5 44. Rd6 Be7 45. f6 Bxd6 46. cxd6 Rc8 47. Ne5 Rg8+ 48. Kh1 Rg3 49. Rf5+ Kh4 50. Nf3+ Kxh3 51. Ng1+ Kg4 52. f7 Rb1 53. Rf4+ Kh5 54. Kh2 Rbxg1 55. Rf5+ Kh4 56. Rf4+ Kh5 57. Rf5+ Kh4 58. Rf4+ Kh5 59. Rf2 Rg8 60. d7 R1g7 61. fxg8Q 1/2-1/2